| 000 | 01775nam0a22002891 4500 | ||
|---|---|---|---|
| 001 | v19\rc\2015074 | ||
| 005 | 20250620002916.0 | ||
| 035 | _a(NLR Aleph) 005096242 | ||
| 090 |
_a7347535 _c7347535 |
||
| 100 | _a20080925d1902 |||y0rusy50 ca | ||
| 101 | 0 | _arus | |
| 102 | _aRU | ||
| 105 | _ay z ||||| | ||
| 200 | 1 | _aЗаписки по объяснительному производству в С.-Петербургский окружной суд по VI отделению поверенного купеческих детей Василия, Николая и Ольги Михайловых Диковых действительного статского советника Константина Васильевича Силича... | |
| 210 |
_a[Санкт-Петербург] _cГос. тип. _dценз. 1902 |
||
| 215 |
_a58 с. _d31 |
||
| 309 | _aБез тит. л. и обл. | ||
| 532 | 1 | 2 | _aЗаписки по объяснительному производству в Санкт-Петербургский окружной суд по VI отделению поверенного купеческих детей Василия, Николая и Ольги Михайловых Диковых действительного статского советника Константина Васильевича Силича... |
| 700 | 1 |
_aСилич _bК.В. _gКонстантин Васильевич |
|
| 702 | 1 |
_aДиков _bВ.М. _gВасилий Михайлович _4570 |
|
| 702 | 1 |
_aДиков _bН.М. _gНиколай Михайлович _4570 |
|
| 702 | 1 |
_aДикова _bО.М. _gОльга Михайловна _4570 |
|
| 801 | 0 |
_aRU _bNLR _gpsbo |
|
| 801 | 1 |
_aRU _bProSoft-M _2rusmarc |
|
| 852 |
_aNLR _j18.134.1.3 |
||
| 942 | _cBOOK | ||
| 980 | _aNB | ||